000 00364nam a2200133Ia 4500
008 231221s9999 xx 000 0 und d
020 _a978-1-4471-4990-3
041 _aEnglish
100 _aJoseph Migga Kizza
245 0 _aEthical and Social Issues in the Information Age
260 _c2013
_bSpringer US
_aNew York
650 _aComputer Science
942 _cEB
999 _c218705
_d218705